Opinió pública, ordre temporal, litúrgia / (Record no. 176506)

MARC details
000 -LEADER
campo de control de longitud fija 00971nam a22002895i 4500
001 - NÚMERO DE CONTROL
campo de control 176506
003 - IDENTIFICADOR DE NÚMERO DE CONTROL
campo de control ES-MaACL
005 - FECHA Y HORA DE LA ÚLTIMA TRANSACCIÓN
campo de control 20250831023901.0
008 - DATOS DE LONGITUD FIJA--INFORMACIÓN GENERAL
campo de control de longitud fija 110119s1963 sp a |||| | cat d
080 ## - NÚMERO DE LA CLASIFICACIÓN DECIMAL UNIVERSAL
Número de la Clasificación Decimal Universal 27-675
080 ## - NÚMERO DE LA CLASIFICACIÓN DECIMAL UNIVERSAL
Número de la Clasificación Decimal Universal 272:342.1
080 ## - NÚMERO DE LA CLASIFICACIÓN DECIMAL UNIVERSAL
Número de la Clasificación Decimal Universal 27-528
245 00 - MENCIÓN DEL TÍTULO
Título Opinió pública, ordre temporal, litúrgia /
Mención de responsabilidad, etc. Perarnau ... [et al.].
260 ## - PUBLICACIÓN, DISTRIBUCIÓN, ETC.
Lugar de publicación, distribución, etc. Barcelona :
Nombre del editor, distribuidor, etc. Editorial Franciscana,
Fecha de publicación, distribución, etc. 1963.
300 ## - DESCRIPCIÓN FÍSICA
Extensión 153 p. :
Otras características físicas il. bl. y n. ;
Dimensiones 19 cm.
490 1# - MENCIÓN DE SERIE
Mención de serie Critèrion. Col·lecció Ideològica ;
Designación de volumen o secuencia 19
500 ## - NOTA GENERAL
Nota general Precede al tít. : Els seglars davant el concili.
504 ## - NOTA DE BIBLIOGRAFÍA, ETC.
Nota de bibliografía, etc. Bibliografía: p. 145-153.
546 ## - NOTA DE IDIOMA
Nota de lengua/lenguaje Texto en catalán.
650 04 - PUNTO DE ACCESO ADICIONAL DE MATERIA--TÉRMINO DE MATERIA
Término de materia o nombre geográfico como elemento de entrada Ecumenismo.
9 (RLIN) 12045
650 07 - PUNTO DE ACCESO ADICIONAL DE MATERIA--TÉRMINO DE MATERIA
Término de materia o nombre geográfico como elemento de entrada Iglesia y Estado
Fuente del encabezamiento o término embne
9 (RLIN) 13554
650 04 - PUNTO DE ACCESO ADICIONAL DE MATERIA--TÉRMINO DE MATERIA
Término de materia o nombre geográfico como elemento de entrada Liturgia.
9 (RLIN) 14683
700 1# - ENTRADA AGREGADA--NOMBRE PERSONAL
Nombre de persona Perarnau, Josep,
Fechas asociadas al nombre 1928-
9 (RLIN) 90397
830 0# - PUNTO DE ACCESO ADICIONAL DE SERIE-TÍTULO UNIFORME
Título uniforme Critèrion. Col·lecció Ideològica ;
Designación de volumen o secuencia 19
9 (RLIN) 190094
852 ## - LOCALIZACIÓN
Ubicación ES-MaACL
Número de control de estantería E-14108
Encuadernación Olim P-735
Holdings
Estatus retirado Estado de pérdida Estado de daño No para préstamo Biblioteca de origen Biblioteca actual Ubicación en estantería Fecha de adquisición Fuente de adquisición Total de préstamos Signatura topográfica completa Código de barras Visto por última vez Precio de reemplazo Tipo de ítem Koha
        Biblioteca del Ateneo de Madrid Biblioteca del Ateneo de Madrid Depósito 2 19/01/2011     E-14108 1185367 23/02/2023 23/02/2023 Libro impreso